BIBLIOTECA PODER JUDICIAL
Portal Judicial TDF

Empoderando al consumidor : (Registro nro. 5522)

000 -LEADER
fixed length control field 01201nab a22002297a 4500
003 - CONTROL NUMBER IDENTIFIER
control field OSt
005 - DATE AND TIME OF LATEST TRANSACTION
control field 20251211130315.0
008 - FIXED-LENGTH DATA ELEMENTS--GENERAL INFORMATION
fixed length control field 190604e xxu||||| |||| 00| 0 spa d
040 ## - CATALOGING SOURCE
Transcribing agency PJ
100 ## - MAIN ENTRY--PERSONAL NAME
9 (RLIN) 6503
Personal name Lavítola, Sofía
245 10 - TITLE STATEMENT
Title Empoderando al consumidor :
Remainder of title propuesta para lograr mayor coherencia normativa /
Statement of responsibility, etc Sofía Lavítola.
260 ## - PUBLICATION, DISTRIBUTION, ETC. (IMPRINT)
Place of publication, distribution, etc Ciudad Autónoma de Buenos Aires :
Name of publisher, distributor, etc Thomson Reuters La Ley,
Date of publication, distribution, etc 2025.
300 ## - PHYSICAL DESCRIPTION
Extent p. 27-35
500 ## - GENERAL NOTE
General note Cita Online: TR LALEY AR/DOC/1795/2025.<br/>
505 ## - FORMATTED CONTENTS NOTE
Formatted contents note Sumario: I. Introducción.— II. Contexto legal.— III. Análisis del planteo.— IV. Por qué el esquema legal del deber de seguridad representa una amenaza o cuanto menos una previsión a completar.— V. Propuesta de reforma legislativa. — VI. Conclusión.
505 ## - FORMATTED CONTENTS NOTE
Title ¿Te interesa el texto completo? Solicitalo al correo: koha@justierradelfuego.gov.ar
650 #0 - SUBJECT ADDED ENTRY--TOPICAL TERM
9 (RLIN) 2608
Topical term or geographic name as entry element DERECHOS DEL CONSUMIDOR
650 #0 - SUBJECT ADDED ENTRY--TOPICAL TERM
9 (RLIN) 3951
Topical term or geographic name as entry element DEBER DE INFORMACIÓN
650 #0 - SUBJECT ADDED ENTRY--TOPICAL TERM
9 (RLIN) 2600
Topical term or geographic name as entry element LEY DE DEFENSA DEL CONSUMIDOR
773 0# - HOST ITEM ENTRY
Host Biblionumber 2714
Host Itemnumber 3171
Place, publisher, and date of publication Ciudad Autónoma de Buenos Aires : Thomson Reuters La Ley, 2014-
Title Revista anales de legislación argentina. Nº 11- Noviembre 2025.
942 ## - ADDED ENTRY ELEMENTS (KOHA)
Source of classification or shelving scheme
Koha item type Analítica Artículo de Revista

No hay ítems disponibles.

12 de Octubre 789 Ushuaia - Tel:  54(02901)441571
Horario de Atención: 8.00 a 17.00 hs. 
bibliotecaush@justierradelfuego.gov.ar
koha@justierradelfuego.gov.ar
Seguinos en nuestras redes @bibliojustdf 

Con tecnología Koha